Faculty of Law Library — Cairo University

Official Online Catalog

Introduction to American constitutional structure / (Record no. 49193)

MARC details
000 -LEADER
fixed length control field 01433cac a2200397 i 4500
003 - CONTROL NUMBER IDENTIFIER
control field EG-GICUC
005 - DATE AND TIME OF LATEST TRANSACTION
control field 20260121101442.0
008 - FIXED-LENGTH DATA ELEMENTS--GENERAL INFORMATION
fixed length control field 080902s2008 mnuab frbv 001 0 eng d
020 ## - INTERNATIONAL STANDARD BOOK NUMBER
International Standard Book Number 0314183507
Qualifying information alk. paper
020 ## - INTERNATIONAL STANDARD BOOK NUMBER
International Standard Book Number 9780314183507
Qualifying information alk. paper
020 ## - INTERNATIONAL STANDARD BOOK NUMBER
International Standard Book Number 9780314183491
Qualifying information pbk. : alk. paper ; teacher's manual
040 ## - CATALOGING SOURCE
Original cataloging agency YDXCP
Transcribing agency YDXCP
Modifying agency GWL
-- ONS
-- BAKER
-- DLC
Language of cataloging eng
Description conventions rda
043 ## - GEOGRAPHIC AREA CODE
Geographic area code n-us---
050 00 - LIBRARY OF CONGRESS CALL NUMBER
Classification number KF4550
Item number .F86 2008
082 04 - DEWEY DECIMAL CLASSIFICATION NUMBER
Edition number 21
Classification number 342.073
092 04 - LOCALLY ASSIGNED DEWEY CALL NUMBER (OCLC)
Edition number 21
099 ## - LOCAL FREE-TEXT CALL NUMBER (OCLC)
Classification number Law 08 2008
100 1# - MAIN ENTRY--PERSONAL NAME
Personal name Funk, William F.,
Dates associated with a name 1945-
245 10 - TITLE STATEMENT
Title Introduction to American constitutional structure /
Statement of responsibility, etc. by William Funk
246 18 - VARYING FORM OF TITLE
Title proper/short title American constitutional structure
264 ## - PRODUCTION, PUBLICATION, DISTRIBUTION, MANUFACTURE, AND COPYRIGHT NOTICE
Place of production, publication, distribution, manufacture St. Paul, MN :
Name of producer, publisher, distributor, manufacturer Thomson/West,
Date of production, publication, distribution, manufacture, or copyright notice 2008.
300 ## - PHYSICAL DESCRIPTION
Extent xviii, 561 page :
Other physical details illustrations, 1 map ;
Dimensions 26 cm.
336 ## - CONTENT TYPE
Content type term text
Content type code txt
Source rdacontent
337 ## - MEDIA TYPE
Media type term unmediated
Media type code n
Source rdamedia
338 ## - CARRIER TYPE
Carrier type term volume
Carrier type code nc
Source rdacarrier
440 #0 - SERIES STATEMENT/ADDED ENTRY--TITLE
Title American casebook series
500 ## - GENERAL NOTE
General note Accompanied by: Teacher's manual (81 p. ; 26 cm.), c2009.
504 ## - BIBLIOGRAPHY, ETC. NOTE
Bibliography, etc. note Includes bibliographical references and index.
610 10 - SUBJECT ADDED ENTRY--CORPORATE NAME
Corporate name or jurisdiction name as entry element United States.
Subordinate unit Supreme Court.
650 #0 - SUBJECT ADDED ENTRY--TOPICAL TERM
Topical term or geographic name entry element Constitutional law
Geographic subdivision United States
Form subdivision Cases.
650 #0 - SUBJECT ADDED ENTRY--TOPICAL TERM
Topical term or geographic name entry element Judicial review
Geographic subdivision United States
Form subdivision Cases.
650 #0 - SUBJECT ADDED ENTRY--TOPICAL TERM
Topical term or geographic name entry element Separation of powers
Geographic subdivision United States
Form subdivision Cases.
856 40 - ELECTRONIC LOCATION AND ACCESS
Uniform Resource Identifier <a href="https://fll.law.cu.edu.eg/fulltext/bks/ENGB08-00100.pdf">https://fll.law.cu.edu.eg/fulltext/bks/ENGB08-00100.pdf</a>
905 ## - Cataloger and Reviser Names
Cataloger Name: Hend El khosy
942 ## - ADDED ENTRY ELEMENTS (KOHA)
Source of classification or shelving scheme Dewey Decimal Classification
Koha item type Books
Edition 21
Suppress in OPAC No
Holdings
Withdrawn status Lost status Source of classification or shelving scheme Damaged status Not for loan Collection Home library Current library Date acquired Total checkouts Full call number Barcode Date last seen Copy number Price effective from Koha item type Public note
    Dewey Decimal Classification     القانون الدستوري جــــامعة القــاهرة مكتبة كلية الحقوق - فـرع الشيخ زايد 09.12.2025   Law2 08 342.073 FU . I 2008 0800100 C1 ENGB08-00100 09.12.2025 1 09.12.2025 Books 2136

© All rights reserved — Faculty of Law, Cairo University